Quaestiones quolibetales relatae per sacrae theologiae doctorem eximium Petrum Tateretum, nuper emendatae et recognitae...

Detalles Bibliográficos
Autor principal: SERNANO, Constantino
Formato: Libro
Publicado: 1579
Materias:
Colección:Banco de datos
Acervo:Biblioteca del Museo Regional de Querétaro. INAH. Querétaro
Tema general:Teología
Notas:Regular. Ex libris manuscrito. Ex libris del Colegio Civil. 2E5, 23.
LEADER 00783nam a22001930004500
035 |a 22220 
036 |a 705 
100 1 |a SERNANO, Constantino 
245 1 0 |a Quaestiones quolibetales relatae per sacrae theologiae doctorem eximium Petrum Tateretum, nuper emendatae et recognitae... 
260 |b Horacio Salviani imp.  |c 1579 
500 |a Regular. Ex libris manuscrito. Ex libris del Colegio Civil. 2E5, 23. 
650 1 0 |a Teología 
949 |a C.R.Q. 
959 |a Ex convento Grande de San Francisco de la ciudad de Querétaro, Museo Regional de Querétaro  |b CCC2 
960 |a Convento Grande de San Francisco de la ciudad de Querétaro  |b DD68 
961 |a Franciscana  |b OF 
942 |c C.R.Q. 
943 |g Biblioteca del Museo Regional de Querétaro. INAH. Querétaro 
999 |c 978536  |d 978536